| 000 | 00688cam a22002411 4500 | ||
|---|---|---|---|
| 999 |
_c478273 _d478273 |
||
| 001 | 4059338 | ||
| 003 | NUST | ||
| 005 | 20180509075132.0 | ||
| 008 | 720121s1965 nyua b 000 0 eng | ||
| 010 | _a 64066203 | ||
| 040 |
_aDLC _cDLC _dDLC |
||
| 050 | 0 | 0 |
_aQD501 _b.L17 1965 |
| 082 | 0 | 0 | _a541.39 LAI |
| 100 | 1 |
_aLaidler, Keith James, _910283 |
|
| 245 | 0 | 0 |
_aChemical kinetics _c[by] Keith J. Laidler. |
| 250 | _a3d ed. | ||
| 260 |
_aNew Delhi _bPearson Education _c2007 |
||
| 300 |
_axii, 531 p. _billus. _c23 cm. |
||
| 504 | _aBibliography: p. 542-547. | ||
| 650 | 0 |
_aChemical kinetics. _92104 |
|
| 906 |
_a7 _bcbc _corignew _du _eopcn _f19 _gy-gencatlg |
||
| 942 |
_2ddc _cBK _e3rd Ed |
||